| 000 | 00981cam a22002897a 4500 | ||
|---|---|---|---|
| 003 | CHAP | ||
| 005 | 20220329141356.0 | ||
| 008 | 971013s1967 r 00010 d | ||
| 010 | _a67213 | ||
| 011 | _a68185 | ||
| 035 | _a77657 | ||
| 040 | _cCHAP | ||
| 082 |
_a338.1809724 _bC6 |
||
| 110 |
_aComisión para el Desarrollo Agropecuario del Estado de Morelos _925825 |
||
| 245 | 0 |
_aZona de abastecimiento del Ingenio Emiliano Zapata _b: programa para la optimización de los cultivos |
|
| 260 |
_a[s.l.] : _bLa Comisión, _c1967 |
||
| 300 | _a48 h. | ||
| 590 |
_aBATCH-UPD _b10 _c20130110 _lUCH01 _h0409 |
||
| 590 |
_aBATCH-UPD _b10 _c20130410 _lUCH01 _h0043 |
||
| 590 |
_aBATCH-UPD _b10 _c20130914 _lUCH01 _h0033 |
||
| 590 |
_aCONVERSION _b10 _c20130109 _lUCH01 _h1337 |
||
| 650 | 1 | 4 |
_aAgricultura _xMorelos. _91747 |
| 650 | 1 | 4 |
_aPolítica agrícola _xMorelos. _990337 |
| 901 | _aBK | ||
| 942 | _cLIBRO | ||
| 949 |
_a338.1809724 C6 _bBC _cLIBRO _d33724000109088 _eLIBRO _h73542 _i77657 _mD _si |
||
| 999 |
_c67213 _d67213 |
||